ბათუმის შოთა რუსთაველის სახელმწიფო უნივერსიტეტის ბიბლიოთეკა

ძიებანი რუსეთ-საქართველოს ურთიერთობის ისტორიიდან (X-XVI სს) / (ბიბ.ჩანაწერი № 56532)

000 -ლიდერი
ფიქსირებული სიგრძის საკონტროლო ველი 01302nam a2200253Ia 4500
001 - საკონტროლო ნომერი
საკონტროლო ველი 23646
003 - საკონტროლო ნომრის იდენტიფიკატორი
საკონტროლო ველი GE_BSU
005 - ბოლო ოპერაციის თარიღი და დრო
საკონტროლო ველი 20260305111851.0
008 - ფიქსირებული სიგრძის მონაცემთა ელემენტები - ზოგადი ინფორმაცია
ფიქსირებული სიგრძის საკონტროლო ველი 181216s1956||||ge |||||||||||||| ||geo||
040 ## - კატალოგიზაციის წყარო
Transcribing agency GE_BSU
041 ## - ენის კოდი
Language code of text/sound track or separate title geo
080 ## - უნივერსალური ათობითი კლასიფიკაციის ინდექსი
Universal Decimal Classification number 94(479.22:470)"09/15 ც-63
100 ## - მთავარი ჩანაწერი - პიროვნების სახელი
Personal name ცინცაძე, ი.
9 (RLIN) 18922
245 ## - ცნობა სათაურის შესახებ
Title ძიებანი რუსეთ-საქართველოს ურთიერთობის ისტორიიდან (X-XVI სს) /
Statement of responsibility, etc ი. ცინცაძე ; რედ. შ. მესხია.
264 ## - წარმოების, გამოცემის, დისტრიბუციის და სხვა ცნობები
გამოცემის, წარმოების, დისტრიბუციის... ადგილი თბილისი :
გამოცემის, წარმოების, დისტრიბუციის... სახელწოდება თბილ. უნ-ტის გამ-ბა,
გამოცემის, წარმოების, დისტრიბუციის... თარიღი 1956.
300 ## - ფიზიკური აღწერა
Extent 352 გვ. ;
Dimensions 22 სმ.
500 ## - ზოგადი შენიშვნა
General note დანართი : "საძიებლები", გვ. 333-348
504 ## - BIBLIOGRAPHY, ETC. NOTE
Bibliography, etc ბიბლიოგრაფია შენიშვნებში
653 ## - INDEX TERM--UNCONTROLLED
Uncontrolled term რუსეთ-საქართველოს ურთიერთობის ისტორია, X-XVI სს.
653 ## - INDEX TERM--UNCONTROLLED
Uncontrolled term ძიებანი რუსეთ-საქართველოს ურთიერთობის ისტორიიდან (X-XVI სს).
700 ## - ADDED ENTRY--PERSONAL NAME
Personal name მესხია, შ.
Relator term რედაქტორი
9 (RLIN) 27054
942 ## - ADDED ENTRY ELEMENTS (KOHA)
Koha item type წიგნი
Source of classification or shelving scheme
ეგზემპლარები
ჩამოწერის სტატუსი დაკარგული ეგზემპლარის სტატუსი კლასიფიკაციის წყარო ან თაროზე გაწყობის სქემა დაზიანების სტატუსი არ გაიცემა მუდმივი მდებარეობა (დაცვის ადგილი) ამჟამინდელი ადგილსამყოფელი თაროზე განთავსების ადგილი შეძენის თარიღი ღირებულება, შესყიდვის ნორმალური ფასი სრული შენახვის შიფრი შტრიხკოდი ბოლო ოპერაციის თარიღი ეგზემპლარის მიმდევრობითი ნომერი (კეტერი?) ფასის ძალაში შესვლის თარიღი ეგზემპლარის სახეობა საჯარო შენიშვნა
          ბათუმის შოთა რუსთაველის სახელმწიფო უნივერსიტეტის მთავარი ბიბლიოთეკა ბათუმის შოთა რუსთაველის სახელმწიფო უნივერსიტეტის მთავარი ბიბლიოთეკა წიგნსაცავი 2018-12-17 2.60 94(479.22:470) 28476 2018-12-17 28476 2018-12-17 წიგნი 2.60 ₾.